| 000 | 00459nam a2200157 4500 | ||
|---|---|---|---|
| 001 | 113490 | ||
| 003 | ES-MaACL | ||
| 005 | 20230906185919.0 | ||
| 007 | t| | ||
| 008 | 061121s1912 sp r ||||1| spa d | ||
| 100 | 1 |
_aPalacios y Olmedo, Manuel de. _988447 |
|
| 245 | 1 | 0 |
_aRielar de ideas / _cManuel de Palacios y Olmedo. |
| 260 |
_aMadrid : _b[s. n.], _c1912 ( _fHijos de Gómez Fuentenebro) |
||
| 300 |
_a196 p. ; _c19 x 12 cm. |
||
| 852 |
_aES-MaACL _jF-4938 |
||
| 999 |
_c113490 _d113490 |
||